| 000 | 00615nam a2200181Ia 4500 | ||
|---|---|---|---|
| 008 | 100920s9999 xx 000 0 und d | ||
| 082 |
_b46367 _a--- थ 82 |
||
| 100 | _aहिवराळे सुखराम. | ||
| 245 | _aआभाळ आणि जागरण. | ||
| 260 |
_bप्रचार प्रकाशन, कोल्हापूर. _c1982 |
||
| 300 |
_a147 _bसाधी |
||
| 365 | _b17 | ||
| 520 | _aकादंबरी. | ||
| 630 | _aआभाळ आणि जागरण. | ||
| 650 | _aकादंबरी. | ||
| 730 | _aआभाळ आणि जागरण. | ||
| 942 | _cBOOK | ||
| 999 |
_c694251 _d694248 |
||